000 00788nas a2200265 4500
001 BR0304612
003 BR-BrBNA
005 20231205104047.0
007 ta
008 230509b bl.|||p| |||| 00| 00por d
040 _aBR-BrBNA
_bpor
_cBiblioteca Nacional de Agricultura
041 _a(Pt)
072 _aL40
100 1 _aSantos, A.L.Q.
100 1 _aLima, E.M.M. de
245 1 _aTopografia do cone medular em ovinos sem raça definida (Ovis aries Linnaeus, 1758)
650 _aOVINO
650 _aSISTEMA NERVOSO
650 _aMEDULA ESPINAL
650 _aANATOMIA ANIMAL
650 _aVETERINÁRIA
773 0 _tArs Veterinária (Brazil)
_xISSN 0102-6380
_g(Dec 2000), v. 16(3) p. 154-157
_wBR0304612
909 _a202311
_bLúcia
_c55
_dLúcia Elande
942 _2AGRIS
_n0
_cANA
999 _c176128
_d176128